Amukan Halusinasi

Bibliographic Details
Main Author: Rosmawati Hamzah
Format: Book
Published: Kuala Lumpur : Brainmax Enterprise , 2014
Series:Siri Pelajar Menjuarai Transformasi
Subjects:

MARC

LEADER 00000cam a2200000 7i4500
001 0000044905
005 20150121.0
008 150121
020 |a 9673820634 
020 |a 9789673820627(set) 
020 |a 9789673820634 
090 0 0 |a ROS   |b MAL 
100 1 |a Rosmawati Hamzah 
245 1 0 |a Amukan Halusinasi   |c Rosmawati Hamzah 
260 |a Kuala Lumpur :   |b Brainmax Enterprise ,   |c 2014 
440 |a Siri Pelajar Menjuarai Transformasi 
650 0 |a Young adult fiction, Malay 
999 |a 0001288284   |b Book   |c Adult Collection   |e Cawangan Tangkak 
999 |a 0001288285   |b Book   |c Adult Collection   |e Cawangan Bandar Penawar 
999 |a 0001288286   |b Book   |c Teenagers   |e Cawangan Mersing 
999 |a 0001288287   |b Book   |c Teenagers   |e Cawangan Bukit Gambir 
999 |a 0001288288   |b Book   |c Adult Collection   |e Cawangan Segamat 
999 |a 0001288291   |b Book   |c Adult Collection   |e Cawangan Taman Sri Lambak 
999 |a 0001288292   |b Book   |c Adult Collection   |e Cawangan Bandar Tenggara 
999 |a 0001288296   |b Book   |c Adult Collection   |e Cawangan Pontian